K niektorým otázkam hospodárenia s nákladmi.
Uplatňovanie zisku ako kriteriálnej funkcie pri prechode poľnohospodárskych podnikov na trhový mechanizmus. Protinákladové zábrany v doterajšej sústave riadenia. Preferovanie tzv. mäkkých foriem regulácie nákladovosti v závislosti od výsledkov činnosti.
Guardado en:
| Autor principal: | |
|---|---|
| Formato: | Capítulo de libro |
| Lenguaje: | eslovaco |
| Materias: | |
| Etiquetas: |
Sin Etiquetas, Sea el primero en etiquetar este registro!
|
MARC
| LEADER | 00000naa a2200000 4500 | ||
|---|---|---|---|
| 001 | r002084 | ||
| 005 | 20230116103233.2 | ||
| 041 | 0 | |a slo | |
| 044 | |a SK | ||
| 245 | 1 | 0 | |a K niektorým otázkam hospodárenia s nákladmi. |c Miroslav Grznár |
| 520 | |a Uplatňovanie zisku ako kriteriálnej funkcie pri prechode poľnohospodárskych podnikov na trhový mechanizmus. Protinákladové zábrany v doterajšej sústave riadenia. Preferovanie tzv. mäkkých foriem regulácie nákladovosti v závislosti od výsledkov činnosti. | ||
| 610 | 2 | 0 | |a podnik poľnohospodársky |
| 610 | 2 | 0 | |a náklady výrobné |
| 610 | 2 | 0 | |a zisk podnikový |
| 610 | 2 | 0 | |a komplex poľnohospodársko-potravinársky |
| 610 | 2 | 0 | |a mechanizmus trhový |
| 610 | 2 | 0 | |a ukazovatele ekonomické |
| 610 | 2 | 0 | |a regulácia trhu |
| 100 | 1 | |a Grznár, Miroslav | |